Catálogo
 En Linea

El Padre Billini. (Registro nro. 32069)

Detalles MARC
000 -CABECERA
campo de control de longitud fija 00403nam a2200145 a 4500
001 - NÚMERO DE CONTROL
campo de control 000032578
005 - FECHA Y HORA DE LA ÚLTIMA TRANSACCIÓN
campo de control 20200930065721.0
008 - DATOS DE LONGITUD FIJA--INFORMACIÓN GENERAL
campo de control de longitud fija 110719s18uu dr 000 0 spa d
040 ## - FUENTE DE LA CATALOGACIÓN
Centro catalogador/agencia de origen DO-SdBNP
Lengua de catalogación spa
Centro/agencia transcriptor BNPHU
049 ## - FONDOS LOCALES (OCLC)
Fondos de biblioteca BNPD
245 #3 - MENCIÓN DE TÍTULO
Título El Padre Billini.
260 ## - PUBLICACIÓN, DISTRIBUCIÓN, ETC.
Fecha de publicación, distribución, etc. [ Santo Domigo ] :
Nombre del editor, distribuidor, etc. s.n.],
Fecha de publicación, distribución, etc. [180?].
300 ## - DESCRIPCIÓN FÍSICA
Extensión 228 p. :
Otras características físicas il, retrs. ;
Dimensiones 29 cm.
500 ## - NOTA GENERAL
Nota general Incluye notas al pie de las páginas
Existencias
Estado de retiro Estado de pérdida Restricciones de uso No para préstamo Código de colección Localización permanente Ubicación/localización actual Ubicación en estantería Fecha de adquisición Número de inventario Total de préstamos Signatura topográfica completa Código de barras Fecha visto por última vez Precio válido a partir de Tipo de ítem Koha Nota pública
      Excluido de préstamo Raros y valiosos Patrimonio Dominicano Patrimonio Dominicano En catalogación 19.07.2011 LF1   32578-10 25.06.2020 25.06.2020 No se presta Perteneció a la biblioteca personal de Martínez Boog

Con tecnología Koha